|
|
|
|
| LEADER |
01619nam a22003137a 4500 |
| 001 |
43066 |
| 003 |
BD-DhAAL |
| 005 |
20260419102224.0 |
| 008 |
240911t2022 bg a|||| |||| 00| p ben d |
| 020 |
|
|
|a 9789843409935
|
| 040 |
|
|
|a BD-DhAAL
|c BD-DhAAL
|
| 041 |
|
|
|a ben
|
| 082 |
|
|
|a 294.382
|
| 245 |
|
|
|a নিত্যপাঠ্য :
|b ধর্মপদ (মূল ও দ্বিপদী গাথায় বাংলা অনুবাদ) /
|c অনুবাদক সুরেন্দ্রলাল বড়ুয়া.
|
| 246 |
|
|
|a Nityapatya dharmaphada
|
| 250 |
|
|
|a তৃতীয় সংস্করণ.
|
| 260 |
|
|
|a ঢাকা :
|b ধ্রুবতারা প্রকাশনী,
|c ২০২২ [দ্বিতীয় মুদ্রণ].
|
| 300 |
|
|
|a ১৩২ পৃষ্ঠা :
|b চিত্র ;
|c ২২ সে.মি.
|
| 504 |
|
|
|a গ্রন্থপঞ্জিগত নির্দেশিকা অন্তভূক্ত।
|
| 541 |
|
|
|a Donated By Jyoti Bikash Barua
|e 43066
|
| 650 |
|
|
|a Tipiṭaka. Suttapiṭaka. Khuddakanikaya. Dhammapada
|x Commentaries.
|9 56820
|
| 650 |
|
|
|a Buddhism
|x Sacred books.
|9 56821
|
| 650 |
|
|
|a Buddhism
|v Poetry.
|9 56822
|
| 650 |
|
|
|a Bengali Poetry.
|
| 650 |
|
|
|a Bengali Literature.
|
| 700 |
|
|
|a বড়ুয়া, সুরেন্দ্রলাল.
|9 56819
|
| 942 |
|
|
|2 ddc
|c BK
|
| 999 |
|
|
|c 46973
|d 46973
|
| 952 |
|
|
|0 0
|1 0
|2 ddc
|4 0
|6 294_382000000000000_NIT
|7 0
|9 76231
|a BRACUL
|b BRACUL
|c GEN
|d 2024-09-11
|e Donated By Jyoti Bikash Barua
|g 450.00
|l 0
|o 294.382 NIT
|p 3010043066
|r 2024-09-11
|t 1
|w 2024-09-11
|y BK
|x Donated By Jyoti Bikash Barua
|